000 00431nmm a2200145Ia 4500
008 251105s9999||||xx |||||||||||||||||und||
041 _aspa
100 _aBustamante, Juana
245 0 _aDiseño y ciencias sociales
264 _a[Buenos Aires, Argentina] :
_bEditorial Brujas,
_c2019
300 _a158 páginas
650 _aSocial Sciences (General)
856 _uhttps://public.digitaliapublishing.com/a/59487
942 _cCF
999 _c106671
_d106671